000 00563nam a2200193Ia 4500
003 GCL
008 140319s9999 xx 000 0 eng d
040 _aGCL /
_cGCL
082 0 4 _a621.319
_bB S
100 1 _aBLACKBIRN,JLEUIS
245 1 0 _aSYMMETRICAL COMPONENTS FOR POWER SYSTEMS ENGINEERING /
_cBLACKBIRN,JLEUIS
260 _a[S.N] :
_bMARCEL DEKKER, INC ،
_c1993
300 _a427 P
650 0 4 _aMATHEMATICAL MODELS
650 0 4 _aSYMMETRICAL COMPONENTS
650 0 4 _aELECTRICAL ENGINEERING
650 0 4 _aELECTRIC POWER DISTRIBUTION
942 _2ddc
_cBK
999 _c23809
_d23809